Diagnósticos enfermeros : (Registro nro. 21394)

Detalles MARC
000 -LEADER
fixed length control field 01886nam a2200421 4500
001 - CONTROL NUMBER
control field 0000024572
003 - CONTROL NUMBER IDENTIFIER
control field CO-CtgCURN
005 - DATE AND TIME OF LATEST TRANSACTION
control field 20250331185142.0
007 - PHYSICAL DESCRIPTION FIXED FIELD--GENERAL INFORMATION
fixed length control field ta
008 - FIXED-LENGTH DATA ELEMENTS--GENERAL INFORMATION
fixed length control field 160628s2010 000 0 eng d
020 ## - INTERNATIONAL STANDARD BOOK NUMBER
International Standard Book Number 9788480864817
040 ## - CATALOGING SOURCE
Original cataloging agency CO-CtgCURN
Language of cataloging spa
Transcribing agency coctgcurn
082 0# - DEWEY DECIMAL CLASSIFICATION NUMBER
Classification number 610.7301
Item number D540
245 00 - TITLE STATEMENT
Title Diagnósticos enfermeros :
Remainder of title definiciones y clasificacion 2009-2011 /
Statement of responsibility, etc. editada por T. Heather Herdman.
260 ## - PUBLICATION, DISTRIBUTION, ETC.
Place of publication, distribution, etc. Madrid :
Name of publisher, distributor, etc. Elsevier,
Date of publication, distribution, etc. 2010.
300 ## - PHYSICAL DESCRIPTION
Extent 431 p.
336 ## - CONTENT TYPE
Source rdacontent
337 ## - MEDIA TYPE
Source rdamedia
Media type term sin mediacion
Media type code n
338 ## - CARRIER TYPE
Source rdacarrier
Carrier type term volumen
Carrier type code nc
500 ## - GENERAL NOTE
General note Titulo original: Nanda-1 Nursing Diagnoses: Definitions , Classification, 2009-2011.
505 8# - FORMATTED CONTENTS NOTE
Formatted contents note Introducción a los diagnosticos enfermeros: precision, aplicacion en los distintos entornos y propuesta de diagnosticos enfermeros para su admision por NANDA-2009-2011.--Diagnósticos enfermeros de NANDA-1 2009-2011.--Taxonomia II 2009-2011.--Diagnósticos enfermeros retirados de la taxonomia 2009-2011 de NANDA-1.--NANDA Internacional 2009-2011
650 14 - SUBJECT ADDED ENTRY--TOPICAL TERM
Topical term or geographic name entry element Diagnósticos de enfermeros
Form subdivision clasificacion.
650 14 - SUBJECT ADDED ENTRY--TOPICAL TERM
Topical term or geographic name entry element Proceso de enfermeria.
650 14 - SUBJECT ADDED ENTRY--TOPICAL TERM
Topical term or geographic name entry element Diagnóstico de enfermeria.
700 1# - ADDED ENTRY--PERSONAL NAME
Personal name Herdman, T. Heather,
Relator term Editor.
710 2# - ADDED ENTRY--CORPORATE NAME
Corporate name or jurisdiction name as entry element North American Nursing. Diagnoses Association.
908 ## - PUT COMMAND PARAMETER (RLIN)
Put command parameter 160627
942 ## - ADDED ENTRY ELEMENTS (KOHA)
Koha item type Libros
Classification part 610.7301
Item part D540
Source of classification or shelving scheme Dewey Decimal Classification
Existencias
Withdrawn status Lost status Source of classification or shelving scheme Damaged status Not for loan Collection Home library Current library Shelving location Date acquired Inventory number Total checkouts Full call number Barcode Date last seen Copy number Price effective from Koha item type Public note
    Dewey Decimal Classification     General Miguel Henríquez Emiliani Miguel Henríquez Emiliani General 03/31/2025 016341   610.7301 D540 016341 03/31/2025 ej.1 03/31/2025 Libros 610-CIENME
    Dewey Decimal Classification     General Miguel Henríquez Emiliani Miguel Henríquez Emiliani General 03/31/2025 016342   610.7301 D540 016342 03/31/2025 ej.2 03/31/2025 Libros 610-CIENME
    Dewey Decimal Classification     General Miguel Henríquez Emiliani Miguel Henríquez Emiliani General 03/31/2025 016343   610.7301 D540 016343 03/31/2025 ej.3 03/31/2025 Libros 610-CIENME
    Dewey Decimal Classification     General Miguel Henríquez Emiliani Miguel Henríquez Emiliani General 03/31/2025 016344   610.7301 D540 016344 03/31/2025 ej.4 03/31/2025 Libros 610-CIENME
    Dewey Decimal Classification     General Miguel Henríquez Emiliani Miguel Henríquez Emiliani General 03/31/2025 016345   610.7301 D540 016345 03/31/2025 ej.5 03/31/2025 Libros 610-CIENME
    Dewey Decimal Classification     General Miguel Henríquez Emiliani Miguel Henríquez Emiliani General 03/31/2025 016346   610.7301 D540 016346 03/31/2025 ej.6 03/31/2025 Libros 610-CIENME
    Dewey Decimal Classification     General Miguel Henríquez Emiliani Miguel Henríquez Emiliani General 03/31/2025 016347   610.7301 D540 016347 03/31/2025 ej.7 03/31/2025 Libros 610-CIENME
    Dewey Decimal Classification     General Miguel Henríquez Emiliani Miguel Henríquez Emiliani General 03/31/2025 016348   610.7301 D540 016348 03/31/2025 ej.8 03/31/2025 Libros 610-CIENME